A characterization theorem for matrix variances

Some recent papers formulated sufficient conditions for the decomposition of matrix variances [6,10]. A statement was that if we have one or two observables, then the decomposition is possible. In this paper we consider an arbitrary finite set of observables and we present a necessary and sufficient...

Teljes leírás

Elmentve itt :
Bibliográfiai részletek
Szerzők: Petz Dénes
Virosztek Dániel
Dokumentumtípus: Cikk
Megjelent: Bolyai Institute, University of Szeged Szeged 2014
Sorozat:Acta scientiarum mathematicarum 80 No. 3-4
Kulcsszavak:Matematika
Tárgyszavak:
mtmt:http://dx.doi.org/10.14232/actasm-013-789-z
Online Access:http://acta.bibl.u-szeged.hu/34856
LEADER 01204nab a2200241 i 4500
001 acta34856
005 20260305144622.0
008 161017s2014 hu o 000 eng d
022 |a 0001-6969 
024 7 |a http://dx.doi.org/10.14232/actasm-013-789-z  |2 doi 
040 |a SZTE Egyetemi Kiadványok Repozitórium  |b hun 
041 |a eng 
100 1 |a Petz Dénes 
245 1 2 |a A characterization theorem for matrix variances  |h [elektronikus dokumentum] /  |c  Petz Dénes 
260 |a Bolyai Institute, University of Szeged  |b Szeged  |c 2014 
300 |a 681-687 
490 0 |a Acta scientiarum mathematicarum  |v 80 No. 3-4 
520 3 |a Some recent papers formulated sufficient conditions for the decomposition of matrix variances [6,10]. A statement was that if we have one or two observables, then the decomposition is possible. In this paper we consider an arbitrary finite set of observables and we present a necessary and sufficient condition for the decomposition of the matrix variances. 
650 4 |a Természettudományok 
650 4 |a Matematika 
695 |a Matematika 
700 0 1 |a Virosztek Dániel  |e aut 
856 4 0 |u http://acta.bibl.u-szeged.hu/34856/1/math_080_numb_003_004_681-687.pdf  |z Dokumentum-elérés